000 01645 a2200241 4500
001 54075
005 20260407155811.0
008 260407a1965 arg spa d
003 AR-UNSa-BCEJYS
040 _aAR-UNSa-BCEJYS
_bspa
_cAR-UNSa-BCEJYS
080 _a330.4
_xEconomía matemática
245 1 0 _aEconomía matemática
264 1 _aMadrid :
_bAguilar
_c1965
300 _axx, 931 p.
_c22 cm.
505 _a1. El modelo de la telaraña y otros modelos dinámicos simples – 2. Keynes y los clásicos: el multiplicador – 3. El principio de aceleración – 4. Análisis matemático: números complejos – 5. Análisis matemático: ecuaciones diferenciales lineales – 6. Análisis matemático: ecuaciones diferenciales lineales en diferencias finitas – 7. Teoría de los ciclos económicos: Samuelson-Hicks – 8. Teoría del ciclo económico: Godwin, Kalecki y Phillips – 9. Regulación económica: sistemas de control de circuito cerrado – 10. El equilibrio económico general – 11. Relaciones interindustriales – 12. Análisis matemático: vectores y matrices – 13. Análisis matemático: Algebra de matrices – 14. Aplicaciones del algebra de vectores y de matrices – 15. Teoría elemental de los juegos – 16. Programación lineal – 17. Programación de actividades: distribución de los recursos – 18. Teoría de la empresa – 19. La teoría del valor – 20. El problema de la agregación.
041 _aspa
942 _cBK
590 _aniveau_biblio:m niveau_hierar:0
100 1 _aAllen, R.G.D.
700 1 _aAguilar Gonzalez, Carlos
700 1 _aCorrea, Héctor
700 1 _aCalleja, Anselmo
999 _c5343
_d5343